| 000 | 00397nam a22001457a 4500 | ||
|---|---|---|---|
| 999 |
_c3371 _d3371 |
||
| 008 | 200609b ||||| |||| 00| 0 eng d | ||
| 082 | 0 | 0 |
_a510.2462 _bS9252 |
| 100 |
_91183 _aStroud, K. A. |
||
| 245 | 1 | 0 |
_aEngineering mathematics, programmes and problems / _cby K. A. Stroud |
| 250 | _a4th ed. | ||
| 260 |
_aLondon _bMacmillan _c1982 |
||
| 300 | _axix, 894 p. | ||
| 650 | 0 | _aMathematics | |
| 942 | _cBK | ||